| 000 | 01316nam a2200301 c 4500 | ||
|---|---|---|---|
| 003 | BLK | ||
| 005 | 20180720104310.0 | ||
| 008 | 180408b bul|||||r ||||||| ||bul|| | ||
| 010 | _aKNG00091098000 | ||
| 020 |
_a978-954-740-039-9 _bиздат.: Лит. форум |
||
| 040 | _aBLK | ||
| 041 |
_aBUL _cBUL |
||
| 080 |
_aБългарска литература _b821.163.2 _x-8(082.2) _z821.163.2-8(082.2) |
||
| 700 | 1 |
_aГеоргиев, Марин _eсъстав. и послесл. _gМаринов, Марин Георгиев _9364932 |
|
| 139 |
_aНай-хубавото _bН 17 |
||
| 245 | 1 | 0 |
_aНай-хубавото _bАнтология : Творци на словото от Пазарджик и Пазарджишко _cсъстав. и послесл. Марин Георгиев. |
| 257 | _aBGR | ||
| 260 |
_аСофия _bЛит. форум _c2008 |
||
| 300 |
_a240 с. _c20 см |
||
| 380 | _aX | ||
| 500 | _aПълното име на състав. е Марин Георгиев Маринов. - Съдържа и Вместо биобиблиография. | ||
| 653 | _aантологии | ||
| 852 | _aЦб 245139 | ||
| 856 | 4 |
_qpdf _u |
|
| 856 | 4 |
_qpdf _u |
|
| 942 |
_cKNG _n0 _01 |
||
| 944 |
_aCR _c26.08.2009 _lф / _kГеновева_Генчева |
||
| 944 |
_aED _c14.12.2017 _lф / _kЛюдмила_Стоянова |
||
| 999 |
_c86475 _d86475 |
||